00559nam a2200145Ia 4500003000900000008004100009020002600050040001600076100002500092245010800117260003200225300002000257490003300277856010300310IN-BaIIA211028s9999 xx s 000 0 eng d a9780892522835 (Print) cIIA Library aMadding, Robert, ed. 0aThermal Infrared Sensing Applied to Energy Conservation in Building Envelopes: Thermosense IIIh[eBook] aWashington, USAbSPIEc1981 aOnline resource aProceedings of SPIE; V. 0254 uhttps://www.spiedigitallibrary.org/conference-proceedings-of-spie/0254yClick Here to Access eBook